00993 2200193 4500001002100000005001500021035002000036008004100056245004600097100001600143250000600159260002800165300001200193084001400205082000800219650001000227520055000237990001200787INLIS00000000000110620240522091544 a0010-0524000341240522 1 ind 1 aAnak Sekolahan Paling Dodol /cPutra Alam aAlam, Putra a1 aJakarta :bZettu,c2012 a150 hlm a813 PUT a a813 4aFiksi aBon! Begitulah ia dipanggil teman-temannya. Murid SMU yang kocak dan malas mandi ini sering melakukan aksi-aksi konyolnya dengan kedua temannya yang bernama Juki dan Julian. Aksinya seringkali diluar logika manusia normal. Prinsipnya, makan ga makan yang penting gokil. Orang-orang disekitarnya pun dibuat kelimpungan oleh ulah konyolnya yang cenderung brutal, termasuk Pak Bambang guru killer yang gak memandang musim, Ibu Silvi guru cantik idola seantero cowok galau, hingga oknum polisi yang doyan nilang dibuatnya nyaris dibuatnya mati kutu. a0744084